| 000 | 00619nam a2200241Ia 4500 | ||
|---|---|---|---|
| 003 | OSt | ||
| 005 | 20220918202558.0 | ||
| 006 | a|||||r|||| 00| 0 | ||
| 007 | ta | ||
| 008 | 220917b |||||||| |||| 00| 0 eng d | ||
| 024 | _a102,271 | ||
| 037 | _cTextual | ||
| 040 |
_aARTS _cARTS _beng |
||
| 041 |
_2eng _aeng |
||
| 082 | _aV236,1wL80, M21 | ||
| 100 |
_aGrewal J S _924775 |
||
| 245 | 0 | _aMaharaja Ranjit Singh | |
| 260 |
_aAmritsar _bGuru Nanak Dev Univ _c1982 |
||
| 300 |
_a77p. _ccm. |
||
| 650 | _aHISTORY | ||
| 942 |
_hV236,1wL80, M21 _cTEXL _2CC |
||
| 999 |
_c225731 _d225731 |
||